|
|
|
|
| LEADER |
00000cam a2200000 7i4500 |
| 001 |
0000001147 |
| 005 |
20220105103918.0 |
| 008 |
070704 |
| 020 |
|
|
|a 9679279413
|
| 090 |
0 |
0 |
|a JP
|b MAL (1227)
|
| 245 |
0 |
0 |
|a Berudu kecil
|c Safura (penyusun)
|
| 260 |
|
|
|a Kuala Lumpur :
|b Fargoes ,
|c 2002
|
| 440 |
|
0 |
|a Tekun membaca
|
| 500 |
|
|
|a Children age 4-6 years old (yellow)
|
| 650 |
|
0 |
|a Junior preschool
|x Malay
|x Languages
|
| 700 |
0 |
|
|a Safura (penyusun)
|
| 999 |
|
|
|a 0000766634
|b Book
|c Children Collection
|e Cawangan Bandar Penawar
|
| 999 |
|
|
|a 0000773273
|b Book
|c Children Collection
|e Cawangan Pontian
|
| 999 |
|
|
|a 0000773275
|b Book
|c Children Collection
|e Cawangan Pontian
|
| 999 |
|
|
|a 0000773276
|b Book
|c Children Collection
|e Cawangan Pontian
|
| 999 |
|
|
|a 0000773277
|b Book
|c Children Collection
|e Cawangan Pontian
|
| 999 |
|
|
|a 0000786915
|b Book
|c Children Collection
|e Cawangan Segamat
|
| 999 |
|
|
|a 0000786916
|b Book
|c Children Collection
|e Cawangan Segamat
|
| 999 |
|
|
|a 0000896496
|b Book
|c Children Collection
|e Cawangan Segamat
|
| 999 |
|
|
|a 0000896499
|b Book
|c Children Collection
|e Cawangan Bandar Penawar
|
| 999 |
|
|
|a 0000901098
|b Book
|c Children Collection
|e Cawangan Pontian
|
| 999 |
|
|
|a 0000953761
|b Book
|c Children Collection
|e Cawangan Muar
|
| 999 |
|
|
|a 0000956933
|b Book
|c Children Collection
|e Cawangan Segamat
|
| 999 |
|
|
|a 0000956934
|b Book
|c Children Collection
|e Cawangan Pontian
|
| 999 |
|
|
|a 0000956935
|b Book
|c Children Collection
|e Perbadanan Perpustakaan Awam Johor
|
| 999 |
|
|
|a 0000956936
|b Book
|c Children Collection
|e Perbadanan Perpustakaan Awam Johor
|
| 999 |
|
|
|a 0001095839
|b Book
|c Children Collection
|e Cawangan Pontian
|
| 999 |
|
|
|a 0001164787
|b Book
|c Children Collection
|e Cawangan Bukit Gambir
|
| 999 |
|
|
|a 0001164789
|b Book
|c Children Collection
|e Cawangan Taman Universiti
|
| 999 |
|
|
|a 0001164791
|b Book
|c Children Collection
|e Cawangan Segamat
|
| 999 |
|
|
|a 0001164792
|b Book
|c Children Collection
|e Cawangan Bandar Penawar
|
| 999 |
|
|
|a 0001164797
|b Book
|c Children Collection
|e Cawangan Pontian
|
| 999 |
|
|
|a 0001164798
|b Book
|c Children Collection
|e Cawangan Taman Sri Lambak
|
| 999 |
|
|
|a 0001164799
|b Book
|c Children Collection
|e Cawangan Tmn. Ungku Tun Aminah
|